|
|
|
|
| LEADER |
01102nam a2200241 a 4500 |
| 001 |
12842360 |
| 008 |
090804s2003 njua b 001 0 eng d |
| 010 |
|
|
|a 2002029263
|
| 020 |
|
|
|a 8120321758
|
| 040 |
|
|
|a DLC
|c DLC
|d DLC
|
| 082 |
0 |
0 |
|a 004.6
|2 21
|
| 100 |
1 |
|
|a Tanenbaum, Andrew S.,
|d 1944-
|
| 245 |
1 |
0 |
|a Computer networks /
|c Andrew S. Tanenbaum.
|
| 250 |
|
|
|a 4th ed.
|
| 260 |
|
|
|a Upper Saddle River, NJ ;
|a New Delhi :
|b Prentice Hall of pvt. Ltd. ,
|c c2003.
|
| 300 |
|
|
|a xx, 891 p. :
|b ill. ;
|c 25 cm.
|
| 504 |
|
|
|a Includes bibliographical references (p. 835-868) and index.
|
| 541 |
1 |
|
|e a00008866
|
| 650 |
|
0 |
|a Computer networks.
|
| 852 |
4 |
|
|a Ayesha Abed Library
|j General Shelf.
|
| 999 |
|
|
|c 3279
|d 3279
|
| 952 |
|
|
|0 0
|1 0
|2 ddc
|4 0
|6 004_600000000000000_TAN_2003
|7 0
|9 2971
|a BRACUL
|b BRACUL
|c GEN
|d 2009-08-31
|g 0.00
|l 7
|m 52
|o 004.6 TAN
|p 3010008866
|q 2026-01-29
|r 2025-07-24
|s 2025-07-24
|t 1
|w 2009-08-31
|y BK
|x No price found in the accession register.
|
| 952 |
|
|
|0 0
|1 0
|2 ddc
|4 0
|6 004_600000000000000_TAN_2003
|7 0
|9 22112
|a BRACUL
|b BRACUL
|c GEN
|d 2013-03-27
|l 4
|m 8
|o 004.6 TAN
|p 3010008869
|r 2019-06-18
|s 2019-06-13
|t 2
|w 2013-03-27
|y BK
|